| 000 | 00660nam a2200217 a 4500 | ||
|---|---|---|---|
| 001 | 49893 | ||
| 003 | BD-RjUL | ||
| 005 | 20211209075428.0 | ||
| 008 | 160823r19531929enka 00110 eng d | ||
| 035 | _a(BD-RjUL)50013 | ||
| 040 |
_aANL _beng _dANL _dBD-RjUL _cBD-RjUL |
||
| 041 | _aeng | ||
| 082 | 0 | 4 |
_a155.4 _223 _bISN 1953 |
| 100 | 1 | 0 |
_aIsaacs, Susan _9149533 |
| 245 | 1 | 4 |
_aThe nursery years : _bthe mind of the child from birth to six years / _cby Susan Isaacs |
| 260 |
_aLondon : _bRoutledge & kegan, _c1929 [reprinted 1953] |
||
| 300 |
_aii, 138 p. : _bill. ; _c18 cm. |
||
| 500 | _aInclude index | ||
| 650 | 0 |
_aChild psychology. _9124587 |
|
| 942 |
_2ddc _cBK |
||
| 999 |
_c49893 _d49893 |
||